000 00665nam a22002297a 4500
005 20170124105943.0
010 _a286894
020 _c00.00
035 _a286894
037 _bCen Lib/Ret
040 _aDPL
_bEN
082 _a332
_bCHA
100 _aChandler, Lester V.
_911680
245 _aEconomics of money and banking /
_cby Lester V. Chandler
260 _aNew York
_bHarper and Brothers
_c1953
270 _bNew York
300 _axvii, 742p.
_c19cm(Hb)
500 _aIncludes bibliographical references and index
650 _aEconomics -- Money
_973202
650 _aBanks and banking
_973203
942 _2ddc
_cEN
_h332
_mCHA
999 _c124707
_d124707